000 00889nam a22001817a 4500
008 210625b ||||| |||| 00| 0 eng d
024 _2OCLC
_a752585139
110 _aConfraternity of Christian Doctrine.
245 _aThe New American Bible :
_btranslated from the original languages with critical use of all the ancient sources : by members of the Catholic Biblical Association of America /
_cConfraternity of Christian Doctrine.
260 _aNew York : ;
_bP.J. Kennedy & Sons,
_a London :
_bCollier-Macmillan,
_c1970.
300 _axvi, 1347, 401, 47 pages :
_bmaps ;
_c24 cm
336 _atext
337 _aunmediated
338 _avolume
500 _aCover page other title : the first complete American version of Holy Scripture translated directly from the original Hebrew, Aramaic and Greek.
650 _aBible. English --
_xVersions --
_vNew American
942 _2lcc
_cBK
999 _c49890
_d49890